L'invisibile intersex : storie di corpi medicalizzati /

Guardat en:
Dades bibliogràfiques
Autor principal: Crocetti, Daniela
Autor corporatiu: AISIA
Altres autors: Longo, Nadia
Format: Llibre
Idioma:italià
Publicat: Pisa : ETS, 2013
Col·lecció:Difforme ; 12
Matèries:
Etiquetes: Afegir etiqueta
Sense etiquetes, Sigues el primer a etiquetar aquest registre!

MARC

LEADER 00000nam a2200000 i 4500
001 IT\ICCU\UBO\4049819
003 ItRI
005 20260115232107.0
008 131217s2013 it |||||| ||||| |||||c
015 |2 IT  |a 2013-7447 
020 |a 9788846737328 
040 |b ita  |c importazione bologna sebina 
041 7 |a ita  |2 ISO-639-2 
082 |a 616.694  |9 DISTURBI SESSUALI. ERMAFRODITISMO  |2 22 
100 1 |a Crocetti, Daniela  |0 IT\ICCU\UBOV\365289 
245 1 2 |a L'invisibile intersex :  |b storie di corpi medicalizzati /  |c Daniela Crocetti ; in collaborazione con AISIA e Nadia Longo. 
260 |a Pisa :  |b ETS,  |c 2013 
300 |a 191 p. ;  |c 21 cm 
650 7 |a Inversione del sesso  |x Medicina  |2 nsbncf 
700 1 |a Longo, Nadia  |0 IT\ICCU\UBOV\365292 
710 2 |a AISIA  |0 IT\ICCU\UBOV\365294 
791 2 |a Associazione italiana sindrome insensibilità androgeni  |3 IT\ICCU\CFIV\322466  |z AISIA 
830 0 |a Difforme ;  |v 12  |0 IT\ICCU\PIS\0014585 
942 |2 ddc  |c BK  |n 0 
952 |0 0  |1 0  |4 0  |6 DOC_305_300000000000000_CRO  |7 0  |9 19950  |a BO  |b BO  |d 2026-01-15  |i 17296  |l 0  |o DOC 305.3 CRO  |p BO17296  |r 2026-01-15 23:21:07  |w 2026-01-15  |x [Sebina 5] [1 v.]  |y BK  |z 1 v. 
999 |c 17007  |d 17007